<?xml version="1.0" encoding="UTF-8"?>
<record
    xmlns:xsi="http://www.w3.org/2001/XMLSchema-instance"
    xsi:schemaLocation="http://www.loc.gov/MARC21/slim http://www.loc.gov/standards/marcxml/schema/MARC21slim.xsd"
    xmlns="http://www.loc.gov/MARC21/slim">

  <leader>00973nam a22002297a 4500</leader>
  <controlfield tag="005">20240530110601.0</controlfield>
  <controlfield tag="008">160120s2013    lu a   g b    000 0 ara d</controlfield>
  <datafield tag="020" ind1=" " ind2=" ">
    <subfield code="a">9789953826134</subfield>
  </datafield>
  <datafield tag="040" ind1=" " ind2=" ">
    <subfield code="a">EG-CaGPL</subfield>
  </datafield>
  <datafield tag="082" ind1="0" ind2="4">
    <subfield code="2">21</subfield>
    <subfield code="a">338.19\</subfield>
    <subfield code="b">&#x633; &#x633;</subfield>
  </datafield>
  <datafield tag="100" ind1="0" ind2=" ">
    <subfield code="a">&#x633;&#x627;&#x644;&#x645; &#x62A;&#x648;&#x641;&#x64A;&#x642; &#x627;&#x644;&#x646;&#x62C;&#x641;&#x649; .</subfield>
  </datafield>
  <datafield tag="245" ind1="1" ind2="0">
    <subfield code="a">&#x633;&#x64A;&#x627;&#x633;&#x627;&#x62A; &#x627;&#x644;&#x627;&#x645;&#x646; &#x627;&#x644;&#x63A;&#x630;&#x627;&#x626;&#x649; &#x627;&#x644;&#x639;&#x631;&#x628;&#x649; :</subfield>
    <subfield code="b">&#x62D;&#x627;&#x644;&#x629; &#x627;&#x644;&#x631;&#x643;&#x648;&#x62F; &#x641;&#x649; &#x627;&#x642;&#x62A;&#x635;&#x627;&#x62F; &#x639;&#x627;&#x644;&#x645;&#x649; &#x645;&#x62A;&#x63A;&#x64A;&#x631; : &#x631;&#x624;&#x64A;&#x629; &#x644;&#x644;&#x645;&#x633;&#x62A;&#x642;&#x628;&#x644; /</subfield>
    <subfield code="c">&#x633;&#x627;&#x644;&#x645; &#x62A;&#x648;&#x641;&#x64A;&#x642; &#x627;&#x644;&#x646;&#x62C;&#x641;&#x649; .</subfield>
  </datafield>
  <datafield tag="250" ind1=" " ind2=" ">
    <subfield code="a">&#x637;1.</subfield>
  </datafield>
  <datafield tag="260" ind1=" " ind2=" ">
    <subfield code="a">&#x628;&#x64A;&#x631;&#x648;&#x62A; :</subfield>
    <subfield code="b">&#x645;&#x631;&#x643;&#x632; &#x62F;&#x631;&#x627;&#x633;&#x627;&#x62A; &#x627;&#x644;&#x648;&#x62D;&#x62F;&#x629; &#x627;&#x644;&#x639;&#x631;&#x628;&#x64A;&#x629; &#x60C;</subfield>
    <subfield code="c">2013 .</subfield>
  </datafield>
  <datafield tag="300" ind1=" " ind2=" ">
    <subfield code="a">238 &#x635; &#x61B;</subfield>
    <subfield code="c">24 &#x633;&#x645; .</subfield>
  </datafield>
  <datafield tag="490" ind1="0" ind2=" ">
    <subfield code="a">&#x648;&#x642;&#x641;&#x64A;&#x629; &#x639;&#x628;&#x62F;&#x627;&#x644;&#x644;&#x647; &#x627;&#x644;&#x637;&#x631;&#x64A;&#x642;&#x649; &#x644;&#x644;&#x62A;&#x646;&#x645;&#x64A;&#x629; &#x648; &#x627;&#x644;&#x646;&#x641;&#x637; .</subfield>
  </datafield>
  <datafield tag="504" ind1=" " ind2=" ">
    <subfield code="a">&#x628;&#x628;&#x644;&#x64A;&#x648;&#x62C;&#x631;&#x627;&#x641;&#x64A;&#x629; : &#x635; 231 - 238</subfield>
  </datafield>
  <datafield tag="650" ind1="0" ind2="4">
    <subfield code="a">&#x627;&#x644;&#x62A;&#x646;&#x645;&#x64A;&#x629; &#x627;&#x644;&#x632;&#x631;&#x627;&#x639;&#x64A;&#x629;</subfield>
    <subfield code="z">&#x627;&#x644;&#x639;&#x627;&#x644;&#x645; &#x627;&#x644;&#x639;&#x631;&#x628;&#x649; .</subfield>
  </datafield>
  <datafield tag="651" ind1="0" ind2="4">
    <subfield code="a">&#x627;&#x644;&#x639;&#x627;&#x644;&#x645; &#x627;&#x644;&#x639;&#x631;&#x628;&#x649;</subfield>
    <subfield code="x">&#x627;&#x644;&#x627;&#x62D;&#x648;&#x627;&#x644; &#x627;&#x644;&#x633;&#x64A;&#x627;&#x633;&#x64A;&#x629; .</subfield>
  </datafield>
  <datafield tag="942" ind1=" " ind2=" ">
    <subfield code="2">ddc</subfield>
    <subfield code="c">BK</subfield>
  </datafield>
  <datafield tag="999" ind1=" " ind2=" ">
    <subfield code="c">62665</subfield>
    <subfield code="d">62665</subfield>
  </datafield>
  <datafield tag="952" ind1=" " ind2=" ">
    <subfield code="0">0</subfield>
    <subfield code="1">0</subfield>
    <subfield code="4">0</subfield>
    <subfield code="7">0</subfield>
    <subfield code="a">CAI</subfield>
    <subfield code="b">CAI</subfield>
    <subfield code="d">2016-09-18</subfield>
    <subfield code="l">0</subfield>
    <subfield code="o">338.19\ &#x633; &#x633;</subfield>
    <subfield code="p">162461</subfield>
    <subfield code="r">2016-09-18 00:00:00</subfield>
    <subfield code="w">2016-09-18</subfield>
    <subfield code="y">BK</subfield>
  </datafield>
</record>
